000 01937nab a2200277 ab4500
005 20260630141638.0
008 260604b2025 sp tr poo| 0 0 spa d
003
040 _aMX-MxUPN
_bspa
_cMX-MxUPN
_eaacr2
100 1 _aBogino, Victoria
_960157
100 1 _aJurado Guerrero, Teresa
_960158
245 1 4 _aLas cuatro trayectorias laborales de las madres en España :
_bdiferencias por clase social y uso de los permisos parentales
_h[recurso electrónico en línea]
506 0 _aAcceso abierto
520 3 _aEste artículo analiza las trayectorias laborales de las cohortes de madres de 1968-1978, los factores que influyen en su vinculación laboral durante la formación familiar y en su ocupación hacia el final de la etapa fértil. La Encuesta de Fecundidad de 2018 permite realizar un análisis de secuencias que revisa los hallazgos previos de la polarización de las mujeres en España y arroja cuatro tipos de trayectorias laborales: vinculación segura, incierta, intermitente y desvinculación. Al poder incluir las características de la pareja en los modelos de regresión, observamos una estratificación social de esas trayectorias según el nivel educativo y un emparejamiento homógamo, que producen un efecto cicatriz de clase social. El mayor acceso al permiso de maternidad no evita este efecto, pero disminuye la probabilidad de tener trayectorias laborales intermitentes.
_cREIS
653 _aTrayectorias laborales
650 2 _aMaternidad
_914890
650 2 _aEstratificación social
_96923
653 4 _aPermisos parentales
653 _aConciliación
653 _aAnálisis de secuencias
773 _gNo. 192 (2025), p. 67-86
_tREIS: revista española de investigaciones sociológicas
_x1988-5903
856 4 _uhttps://reis.cis.es/index.php/reis/article/view/2412
856 4 _uhttps://reis.cis.es/index.php/reis/article/view/2412/2975
902 _aLeonor Sotres/300626
942 _cART-E
999 _c215475
_d215475